The World book encyclopedia of science : the planet Earth

Bibliographic Details
Other Authors: Kerrod, Robin (consultant editor)
Format: Book
Published: Chicago : World Book,Inc. , 1991
Edition:Vol. 4
Subjects:

MARC

LEADER 00000cam a2200000 7i4500
001 0000032370
002 000034931
005 20000331.0
020 |a T000003037 
090 0 0 |a 503   |b WOR 
245 0 4 |a The World book encyclopedia of science :   |b the planet Earth 
250 |a Vol. 4 
260 |a Chicago :   |b World Book,Inc. ,   |c 1991 
300 |a 157p. :   |b ill. ;   |c 27cm. 
500 |a Library has 8 vol. 
650 0 0 |a Earth 
700 1 |a Kerrod, Robin ,   |e consultant editor 
999 |a 028994   |b ENSIKLOPEDIA DEWASA   |c RUJUKAN   |e PERPUSTAKAAN KOMUNITI PETALING JAYA